Maternal & child health nursing : (Record no. 10905)
[ view plain ]
| 000 -LEADER | |
|---|---|
| fixed length control field | 01594cam a22003254i 4500 |
| 003 - CONTROL NUMBER IDENTIFIER | |
| control field | URS |
| 005 - DATE AND TIME OF LATEST TRANSACTION | |
| control field | 20250902094512.0 |
| 008 - FIXED-LENGTH DATA ELEMENTS--GENERAL INFORMATION | |
| fixed length control field | 020416s2003 paua b 001 0 eng |
| 020 ## - INTERNATIONAL STANDARD BOOK NUMBER | |
| International Standard Book Number | 0781736285 (cloth : alk. paper) |
| 040 ## - CATALOGING SOURCE | |
| Description conventions | rda |
| Transcribing agency | URS |
| Language of cataloging | English |
| 050 00 - LIBRARY OF CONGRESS CALL NUMBER | |
| Classification number | RG951 |
| Item number | .P637 2003 |
| 100 1# - MAIN ENTRY--PERSONAL NAME | |
| Personal name | Pillitteri, Adele, |
| Relator term | author. |
| 245 10 - TITLE STATEMENT | |
| Title | Maternal & child health nursing : |
| Remainder of title | care of the childbearing & childrearing family / |
| Statement of responsibility, etc | Adele Pillitteri. |
| 246 3# - VARYING FORM OF TITLE | |
| Title proper/short title | Maternal and child health nursing |
| 246 3# - VARYING FORM OF TITLE | |
| Title proper/short title | Pillitteri's maternal and child health nursing |
| 250 ## - EDITION STATEMENT | |
| Edition statement | 4th ed. |
| 264 ## - PUBLICATION, DISTRIBUTION, ETC. (IMPRINT) | |
| Place of publication, distribution, etc | Philadelphia : |
| Name of publisher, distributor, etc | Lippincott Williams and Wilkins, |
| Date of publication, distribution, etc | ©2003. |
| 300 ## - PHYSICAL DESCRIPTION | |
| Extent | xxiii, 1730, [45], [21], [20], [155] pages : |
| Other physical details | illustrations ; |
| Dimensions | 29 cm. |
| 336 ## - CONTENT TYPE | |
| Content type term | text |
| Content type code | txt |
| Source | rdacontent |
| 337 ## - MEDIA TYPE | |
| Media type term | unmediated |
| Media type code | n |
| Source | rdamedia |
| 338 ## - CARRIER TYPE | |
| Carrier type term | volume |
| Carrier type code | nc |
| Source | rdacarrier |
| 500 ## - GENERAL NOTE | |
| General note | Label on accompanying CD-ROM: Student self-study CD-ROM to accompany Psitteri's maternal and child health nursing, fourth edition / Beverly Ann Tscheschlog. |
| 504 ## - BIBLIOGRAPHY, ETC. NOTE | |
| Bibliography, etc | Includes bibliographical references and index. |
| 538 ## - SYSTEM DETAILS NOTE | |
| System details note | System requirements for accompanying computer disc: IBM-PC or compatible computer; Pentium 100 CPU; 32 MB RAM (64 recommended); Windows 98; Macromedia Flashplayer. |
| 650 #0 - SUBJECT ADDED ENTRY--TOPICAL TERM | |
| Topical term or geographic name as entry element | Maternity nursing. |
| 650 #0 - SUBJECT ADDED ENTRY--TOPICAL TERM | |
| Topical term or geographic name as entry element | Pediatric nursing. |
| 700 1# - ADDED ENTRY--PERSONAL NAME | |
| Personal name | Tscheschlog, Beverly Ann. |
| Title of a work | Student self-study CD-ROM to accompany Psitteri's maternal & child health nursing, 4th ed. |
| 856 42 - ELECTRONIC LOCATION AND ACCESS | |
| Materials specified | Publisher description |
| Uniform Resource Identifier | <a href="http://www.loc.gov/catdir/enhancements/fy0711/2002066121-d.html">http://www.loc.gov/catdir/enhancements/fy0711/2002066121-d.html</a> |
| 942 ## - ADDED ENTRY ELEMENTS (KOHA) | |
| Source of classification or shelving scheme | Library of Congress Classification |
| Koha item type | Foreign Books |
| Withdrawn status | Lost status | Source of classification or shelving scheme | Damaged status | Not for loan | Collection code | Home library | Current library | Shelving location | Date acquired | Source of acquisition | Total Checkouts | Full call number | Barcode | Date last seen | Copy number | Koha item type |
|---|---|---|---|---|---|---|---|---|---|---|---|---|---|---|---|---|
| Library of Congress Classification | Non-fiction | Taytay College Library | Taytay College Library | Nursing Collection | 06/01/2018 | Donation | RG951 .P637 2003 | URSTAY-3855 | 06/04/2025 | 1 | Foreign Books |